000 00708nam a2200193 4500
001 136734
003 ES-MaACL
005 20230906195219.0
007 t|
008 070214s1933 sp r ||||1| cat d
100 1 _aSagarra, Ignacio de.
_9101414
245 1 0 _aNova naça del parnassius apollo. Linn (Lip. Phop.) /
_cIgnacio de Sagarra.
260 _aBarcelona :
_bMuseu de Ciènces Naturals,
_c1933.
300 _a8 p., 1 lám.
490 1 _aTreballs del Museo de Ciencies Naturals de Barcelona. Sèrie entomoláogica, n. 5 ;
_v5
830 0 _aTreballs del Museo de Ciencies Naturals de Barcelona. Sèrie entomoláogica, n. 5 ;
_v5
_9220032
852 _aES-MaACL
_j1961-F-24
999 _c136734
_d136734